| 000 | 01189nam a2200277 a 4500 | ||
|---|---|---|---|
| 003 | OSt | ||
| 005 | 20240119095031.0 | ||
| 007 | cr ||||||a|c|a | ||
| 008 | 240115s2023 mx ||||fom||| 001 0 spa d | ||
| 040 | _erda | ||
| 100 | 1 |
_9188457 _aBautista Pascual, Beatriz |
|
| 245 | 1 | 0 |
_aComparación de diferentes procedimientos de secado en lechones recién nacidos sobre la vitalidad neonatal / _cpor Beatriz Bautista Pascual; director de tesis Laura Haydée Vallejo Hernández |
| 264 | 1 |
_aChapingo, México : _bEl autor, _c2023 |
|
| 300 |
_a1 recurso en línea (67 páginas): _bFiguras |
||
| 336 |
_2rdacontent _atexto _btxt |
||
| 337 |
_2rdamedia _acomputadora _bc |
||
| 338 |
_2rdacarrier _arecurso en línea _bcr |
||
| 502 |
_bIAEZ _cZootecnía _d2023 _gLIC |
||
| 504 | _aIncluye referencias bibliográficas: páginas 47-55 | ||
| 650 | 4 |
_9152256 _aCerdos _xCría y desarrollo |
|
| 650 | 4 |
_9127244 _aLechones _xMortalidad |
|
| 650 | 4 |
_9141095 _aCerdos _xManejo |
|
| 700 | 1 |
_9188353 _aVallejo Hernández, Laura Haydée _eDirector de tesis |
|
| 856 |
_uhttp://10.13.5.2/tesis/tl/1510220-9_BAUTISTA_PASCUAL_BEATRIZ.pdf _zDESCARGAR PDF |
||
| 942 |
_2Clasificación Universidad Autónoma Chapingo _cTD |
||
| 999 |
_c219523 _d219523 |
||